| 000 | 00639nam a2200193 a 4500 | ||
|---|---|---|---|
| 001 | 1013 | ||
| 003 | CDMR | ||
| 005 | 20130926174841.0 | ||
| 008 | 130130s1987||||||||||||||||||||||||||||d | ||
| 020 | _a8472562948 | ||
| 040 |
_aCDMR _bcat _cCDMR |
||
| 100 | 1 |
_aCasasús, Josep Maria _9799 |
|
| 245 | 1 | 3 |
_aEl pensament periodístic a Catalunya _b: assaig sobre l'evolució de les idees teòriques i professionals en matèria de periodisme |
| 260 |
_aBarcelona _c1987 _bCurial |
||
| 490 | 0 |
_aBiblioteca de cultura catalana (Curial) _v 65 |
|
| 650 | 0 | 4 |
_93172 _aPeriodisme _zCatalunya |
| 700 | 1 |
_9475 _aMoragas Spà, Miquel de _epr. |
|
| 942 |
_cMON _2udc |
||
| 999 |
_c1013 _d1013 |
||